000 00479nam a2200205Ia 4500
003 0100
008 130227s9999 xx 000 0 und d
040 _cARRUPELIB
050 _aJC507.R64
100 _aRothbard, Murray
245 _aPower and Market
245 _bgovernment and the economy
250 _a2nd. ed.
260 _aKansas City
260 _bSheed Andrews and McMeel, Inc.
260 _C1977
300 _axiv
300 _b 304p. 23cm.
942 _2lcc
_03
999 _c3667
_d3667